000 00542nam a22001697a 4500
020 _qHard Cover.
082 _a004
100 _aMuhammad Hashim Qureshi
245 _aMOBILE WARE /
_cMuhammad Hashim Qureshi
260 _aIslamabad :
_bSEECS - NUST,
_c2007.
300 _aviii, 44 p. : ill. ;
_c30cm.
650 _aInformation Technology-Project Report
700 _aMr. Nauman Qureshi
_934589
856 _uhttp://10.250.8.41:8080/xmlui/handle/123456789/9207
942 _2ddc
_cPR
999 _c540523
_d540523